[Event "GRENKE Chess Open 2018"]
[Site "Karlsruhe GER"]
[Date "2018.03.31"]
[Round "5.9"]
[White "Gordievsky, Dmitry"]
[Black "Grinberg, Eyal"]
[Result "1-0"]
[WhiteTitle "GM"]
[BlackTitle "IM"]
[WhiteElo "2630"]
[BlackElo "2448"]
[WhiteFideId "24112798"]
[BlackFideId "2806070"]
[EventDate "2018.03.29"]

1. c4 c6 2. Nf3 d5 3. g3 Nf6 4. Bg2 Bg4 5. Ne5 Be6 6. cxd5 Bxd5 7. Nf3 c5 8. Nc3
Bc6 9. O-O e6 10. Re1 Be7 11. e4 O-O 12. d4 Re8 13. e5 Nd5 14. Ne4 Nd7 15. Bg5
Qb6 16. Bxe7 Rxe7 17. Qd2 cxd4 18. a3 Rd8 19. Rac1 d3 20. b4 f5 21. Nd6 a6 22.
Nc4 Qa7 23. Qxd3 Bb5 24. Nd4 Bxc4 25. Qxc4 N7b6 26. Qb3 Kf7 27. a4 a5 28. Nb5
Qa8 29. Nd6+ Rxd6 30. exd6 Rd7 31. Rc5 Rxd6 32. bxa5 Nd7 33. Rb5 N7f6 34. Rxb7+
Kg6 35. Qb5 1-0

[Event "GRENKE Chess Open 2018"]
[Site "Karlsruhe GER"]
[Date "2018.03.31"]
[Round "5.10"]
[White "Vogel, Roven"]
[Black "Banusz, Tamas"]
[Result "1/2-1/2"]
[WhiteTitle "IM"]
[BlackTitle "GM"]
[WhiteElo "2438"]
[BlackElo "2618"]
[WhiteFideId "12908088"]
[BlackFideId "722413"]
[EventDate "2018.03.29"]

1. d4 d5 2. c4 c6 3. cxd5 cxd5 4. Nc3 Nf6 5. Bf4 Nc6 6. e3 Bf5 7. Nf3 e6 8. Bd3
Bxd3 9. Qxd3 Be7 10. O-O O-O 11. h3 Nd7 12. Rfc1 a6 13. Nb1 Rc8 14. Nbd2 Qb6 15.
Qb3 Qa7 16. Qd1 Qb6 17. Qb3 Qxb3 18. Nxb3 f6 19. Bg3 Kf7 20. Ne1 e5 21. Nd3 Nb4
22. Nxb4 Bxb4 23. f3 Ke6 24. Kf1 a5 25. Be1 Bxe1 26. Kxe1 b6 27. Rxc8 Rxc8 28.
Kd2 Kd6 29. Nc1 h5 30. h4 Nf8 31. Ne2 Ne6 32. Rc1 Rg8 33. Rh1 g6 34. Kd3 Rc8 35.
Kd2 Ng7 36. dxe5+ fxe5 37. e4 d4 38. Nc1 Ne6 39. Nd3 Rg8 1/2-1/2

[Event "GRENKE Chess Open 2018"]
[Site "Karlsruhe GER"]
[Date "2018.03.31"]
[Round "5.11"]
[White "Halvax, Georg"]
[Black "Bindrich, Falko"]
[Result "0-1"]
[WhiteTitle "IM"]
[BlackTitle "GM"]
[WhiteElo "2431"]
[BlackElo "2602"]
[WhiteFideId "1619543"]
[BlackFideId "4676670"]
[EventDate "2018.03.29"]

1. e4 e5 2. Nf3 Nc6 3. d4 exd4 4. Nxd4 Bc5 5. Nb3 Bb6 6. Nc3 Nf6 7. Qe2 d6 8.
Be3 Be6 9. O-O-O Qe7 10. f3 O-O-O 11. Bxb6 axb6 12. Qb5 d5 13. Qa4 Kb8 14. Bb5
dxe4 15. Bxc6 bxc6 16. Nd4 Bd7 17. Nxc6+ Bxc6 18. Qxc6 e3 19. Qc4 Rhe8 20. Rxd8+
Rxd8 21. Re1 Rd2 22. Re2 Qd6 23. g3 Kb7 24. a4 Nd5 25. Rxd2 exd2+ 26. Kxd2 Qh6+
27. f4 Qxh2+ 28. Ne2 Qg2 29. a5 bxa5 30. Qb5+ Nb6 31. Ke1 a4 32. Qh5 Qe4 33. Kd2
Qb4+ 34. Nc3 Nc4+ 35. Ke2 Nxb2 36. Qd5+ Kb6 37. Qe5 Kb7 38. Qxc7+ Kxc7 39. Nd5+
Kd6 40. Nxb4 Kc5 41. Na6+ Kc4 42. Kd2 a3 43. Kc1 Na4 44. Kb1 Nc3+ 45. Ka1 Ne2
46. Nc7 Nxg3 47. Ne8 Nf5 0-1

[Event "GRENKE Chess Open 2018"]
[Site "Karlsruhe GER"]
[Date "2018.03.31"]
[Round "5.12"]
[White "Buhmann, Rainer"]
[Black "Perske, Thore"]
[Result "1-0"]
[WhiteTitle "GM"]
[BlackTitle "IM"]
[WhiteElo "2588"]
[BlackElo "2447"]
[WhiteFideId "4651340"]
[BlackFideId "12902195"]
[EventDate "2018.03.29"]

1. d4 d5 2. c4 c6 3. Nf3 Nf6 4. e3 g6 5. Nc3 Bg7 6. Be2 O-O 7. O-O Nbd7 8. a4
Re8 9. Qb3 Qb6 10. Qa2 e6 11. a5 Qd8 12. b4 Rb8 13. b5 Ne4 14. Bb2 Ndc5 15. Rfc1
Nxc3 16. Rxc3 Ne4 17. Rc2 cxb5 18. cxb5 Bd7 19. Ne5 Nd6 20. Qb3 Bxe5 21. dxe5
Nc4 22. Bxc4 dxc4 23. Rxc4 Qg5 24. h4 Qh5 25. Rd4 Red8 26. Rad1 Qe2 27. R4d2 1-0

[Event "GRENKE Chess Open 2018"]
[Site "Karlsruhe GER"]
[Date "2018.03.31"]
[Round "5.13"]
[White "Zysk, Robert"]
[Black "Moussard, Jules"]
[Result "0-1"]
[WhiteTitle "IM"]
[BlackTitle "GM"]
[WhiteElo "2428"]
[BlackElo "2576"]
[WhiteFideId "4600410"]
[BlackFideId "642908"]
[EventDate "2018.03.29"]

1. Nf3 d6 2. d4 Nf6 3. g3 Nbd7 4. Bg2 e5 5. dxe5 dxe5 6. O-O Bc5 7. Nc3 O-O 8.
Bg5 h6 9. Bxf6 Qxf6 10. Ne4 Qe7 11. Nxc5 Qxc5 12. Nd2 Nf6 13. Nb3 Qe7 14. Qd2 e4
15. Rad1 b6 16. Nd4 Re8 17. c4 a6 18. b3 Qe5 19. h3 Bd7 20. e3 Rad8 21. Qc2 c5
22. Ne2 b5 23. Nf4 Bc6 24. cxb5 Bxb5 25. Rxd8 Rxd8 26. Rc1 g5 27. Ne2 Bd3 28.
Qc3 Qe6 29. Qb2 Nd7 30. g4 h5 31. gxh5 f5 32. h4 Bxe2 33. Qxe2 gxh4 34. Rd1 Qf6
35. f4 exf3 36. Qxf3 Kh8 37. Kh2 Qg7 38. h6 Qg6 39. Bh3 Rg8 40. Bxf5 Ne5 41.
Bxg6 Nxf3+ 42. Kg2 Ne5 43. Kh3 Nxg6 44. Rd5 Re8 45. Rxc5 Rxe3+ 46. Kg4 Kh7 0-1

[Event "GRENKE Chess Open 2018"]
[Site "Karlsruhe GER"]
[Date "2018.03.31"]
[Round "5.14"]
[White "Heberla, Bartlomiej"]
[Black "Carlstedt, Jonathan"]
[Result "1/2-1/2"]
[WhiteTitle "GM"]
[BlackTitle "IM"]
[WhiteElo "2570"]
[BlackElo "2432"]
[WhiteFideId "1115120"]
[BlackFideId "24614386"]
[EventDate "2018.03.29"]

1. c4 c6 2. d4 d5 3. Nf3 Nf6 4. Nc3 e6 5. Qb3 a5 6. cxd5 exd5 7. Bg5 Be7 8. e3
Ne4 9. Bf4 a4 10. Qc2 Qa5 11. a3 Bf5 12. Bd3 Bg6 13. O-O Nxc3 14. Bxg6 hxg6 15.
bxc3 O-O 16. Ne5 Bf6 17. c4 Bxe5 18. dxe5 Qc5 19. Qb2 dxc4 20. Qxb7 Ra7 21. Qb2
Nd7 22. Rfc1 Re8 23. Qd4 Qxd4 24. exd4 c5 25. dxc5 Nxc5 26. Rxc4 Nd3 27. Bg3 g5
28. h4 Ree7 29. hxg5 Nxe5 30. Re4 Nd3 31. Rd4 Nc5 32. Rad1 Ne6 33. Rh4 Re8 34.
Re1 Ra6 35. Ree4 Rc8 36. Rxa4 Rca8 37. Rxa6 Rxa6 38. a4 Nc5 39. Rc4 Nxa4 40. Be5
Re6 41. f4 Nb6 42. Rc7 Nd5 43. Rd7 Ne3 44. g3 Nc4 45. Bc7 Kf8 46. Kf2 Ke8 47.
Rd8+ Ke7 48. Ra8 Kd7 49. f5 Rc6 50. Bf4 Rc5 51. g4 Ne5 52. Bxe5 Rxe5 53. Rg8 g6
54. fxg6 fxg6 55. Rxg6 Ke7 56. Rf6 Rxg5 57. Rf4 Rg6 58. Kg3 Rf6 59. Rxf6 Kxf6
60. Kg2 1/2-1/2

[Event "GRENKE Chess Open 2018"]
[Site "Karlsruhe GER"]
[Date "2018.03.31"]
[Round "5.15"]
[White "Xu, Xianliang"]
[Black "Santos Latasa, Jaime"]
[Result "1/2-1/2"]
[WhiteTitle "FM"]
[BlackTitle "IM"]
[WhiteElo "2424"]
[BlackElo "2549"]
[WhiteFideId "4603230"]
[BlackFideId "2293307"]
[EventDate "2018.03.29"]

1. e4 e5 2. Nf3 Nc6 3. d4 exd4 4. Bc4 Nf6 5. O-O Nxe4 6. Re1 d5 7. Bxd5 Qxd5 8.
Nc3 Qh5 9. Nxe4 Be6 10. Bg5 h6 11. Bf6 Qd5 12. Nxd4 Nxd4 13. Qxd4 Qxd4 14. Bxd4
b6 15. b3 O-O-O 16. c3 Bf5 17. f3 Rg8 18. Rad1 Bg6 19. b4 f6 20. a4 Rd7 21. a5
Be7 22. b5 Bf7 23. Ng3 Bd8 24. axb6 cxb6 25. Nf5 Bb3 26. Rd2 Bc4 27. Be3 Bd3 28.
Nd4 Bc4 29. Nf5 Bd3 30. Nd4 Bc4 1/2-1/2

[Event "GRENKE Chess Open 2018"]
[Site "Karlsruhe GER"]
[Date "2018.03.31"]
[Round "5.16"]
[White "Antal, Gergely"]
[Black "Ginsburg, Gennadi"]
[Result "1-0"]
[WhiteTitle "GM"]
[BlackTitle "GM"]
[WhiteElo "2540"]
[BlackElo "2428"]
[WhiteFideId "717312"]
[BlackFideId "4630629"]
[EventDate "2018.03.29"]

1. e4 c5 2. Nf3 d6 3. d4 cxd4 4. Nxd4 Nf6 5. Nc3 a6 6. h3 g6 7. g3 Bg7 8. Bg2
O-O 9. O-O Nc6 10. Be3 Nxd4 11. Bxd4 Be6 12. f4 Rc8 13. Rf2 Rc4 14. Ne2 Qc8 15.
Kh2 Bg4 16. Bxf6 Bxe2 17. Qxe2 Bxf6 18. e5 dxe5 19. fxe5 Bg7 20. Bxb7 Qe6 21.
Rd1 Rb4 22. Bd5 Qxe5 23. Bxf7+ Kh8 24. Qxe5 Bxe5 25. Re1 Bd6 26. Kg2 Rxb2 27.
Bb3 Rxf2+ 28. Kxf2 h5 29. g4 hxg4 30. hxg4 g5 31. Ke3 Kg7 32. Kd3 Bb4 33. Rf1 a5
34. a4 Kg6 35. Kc4 Kg7 36. Kd5 Bc3 37. Ke6 Bf6 38. Kf5 Kf8 39. Kg6 Ke8 40. Rd1 1-0

[Event "GRENKE Chess Open 2018"]
[Site "Karlsruhe GER"]
[Date "2018.03.31"]
[Round "5.17"]
[White "Braeuer, Franz"]
[Black "Danin, Alexandre"]
[Result "1/2-1/2"]
[WhiteTitle "IM"]
[BlackTitle "GM"]
[WhiteElo "2423"]
[BlackElo "2540"]
[WhiteFideId "24634468"]
[BlackFideId "4144031"]
[EventDate "2018.03.29"]

1. e4 e6 2. d4 d5 3. Nd2 c5 4. exd5 Qxd5 5. dxc5 Nf6 6. Ngf3 Qxc5 7. Nb3 Qc7 8.
g3 Nc6 9. Bg2 e5 10. O-O Be7 11. Qe2 O-O 12. Re1 Re8 13. Bd2 Bg4 14. Qc4 Bd6 15.
Ng5 Bf5 16. Ne4 Nxe4 17. Bxe4 Bxe4 18. Qxe4 Rad8 19. Rad1 f6 20. Be3 Qf7 21. Qd5
Bf8 22. Qxf7+ Kxf7 23. f3 h5 24. c3 g6 25. Kf2 Ke6 26. Bc5 Kf7 27. Bxf8 Rxf8 28.
Nc5 b6 29. Ne4 Ke6 30. Ke2 Ne7 1/2-1/2

[Event "GRENKE Chess Open 2018"]
[Site "Karlsruhe GER"]
[Date "2018.03.31"]
[Round "5.18"]
[White "Barbot, Pierre1"]
[Black "Kuljasevic, Davorin"]
[Result "1/2-1/2"]
[WhiteTitle "IM"]
[BlackTitle "GM"]
[WhiteElo "2422"]
[BlackElo "2538"]
[WhiteFideId "663727"]
[BlackFideId "14506661"]
[EventDate "2018.03.29"]

1. d4 Nf6 2. c4 e6 3. Nf3 d5 4. Bg5 Bb4+ 5. Nbd2 dxc4 6. e3 b5 7. a4 c6 8. Be2
Nbd7 9. O-O Bb7 10. Qc2 O-O 11. b3 c3 12. Ne4 bxa4 13. Rxa4 a5 14. Nxc3 c5 15.
Rc1 Rc8 16. Qd3 Bxf3 17. gxf3 cxd4 18. exd4 h6 19. Be3 Nb6 20. Raa1 Nbd5 21. Ne4
Rxc1+ 22. Rxc1 Nh5 23. Bf1 Qh4 24. Rc6 Nhf4 25. Qc2 Qh5 26. Qd1 Rd8 27. Ng3 Qh4
28. Qc1 Ne7 29. Rc4 Nfd5 30. Bd3 f5 31. Bd2 Rb8 32. Bxb4 axb4 33. Qe1 Qf6 34.
Qa1 Nf4 35. Qa7 Rd8 36. Bf1 Ned5 37. Kh1 h5 38. Qa2 Qg5 39. Ne2 Nd3 40. Ng3 N3f4
41. Ne2 Nd3 42. Ng3 Nc3 43. Qa6 Nf4 44. Rxb4 h4 45. Rc4 hxg3 46. fxg3 Nfd5 47.
Qxe6+ Kh7 48. Qe1 Nb5 49. Qe5 Nbc3 50. Qe1 Nb5 51. Qe5 Nbc3 1/2-1/2

[Event "GRENKE Chess Open 2018"]
[Site "Karlsruhe GER"]
[Date "2018.03.31"]
[Round "5.19"]
[White "Malakhatko, Vadim"]
[Black "Bakre, Tejas"]
[Result "1-0"]
[WhiteTitle "GM"]
[BlackTitle "GM"]
[WhiteElo "2536"]
[BlackElo "2427"]
[WhiteFideId "14104202"]
[BlackFideId "5004195"]
[EventDate "2018.03.29"]

1. d4 Nf6 2. c4 e6 3. Nf3 d5 4. g3 Bb4+ 5. Bd2 Be7 6. Bg2 O-O 7. O-O c6 8. Qc2
Nbd7 9. Bf4 b6 10. Nc3 dxc4 11. Nd2 Nd5 12. Nxc4 Nxf4 13. gxf4 Bb7 14. Rfd1 Rc8
15. f5 exf5 16. Qxf5 g6 17. Qh3 Rc7 18. Rac1 Ba6 19. b3 Bb4 20. d5 Bxc3 21. dxc6
Bf6 22. Rxd7 Rxd7 23. Qxd7 Qxd7 24. cxd7 Bb5 25. Ba8 Rd8 26. Rd1 Bxc4 27. bxc4
Be7 28. Bg2 Kf8 29. Bc6 Bc5 30. Rd5 f6 31. h4 Ke7 32. Kg2 Rg8 33. f4 Bd6 34. Kf3
f5 35. h5 Rf8 36. Rd1 gxh5 37. Rh1 Rf6 38. Rxh5 h6 39. Ba4 Bc7 40. Rh1 Rd6 41.
Bc2 Rxd7 42. Rxh6 Rd2 43. Rh7+ Kd6 44. Bxf5 Rxa2 45. e4 Ra3+ 46. Kg4 Kc6 47. e5
Re3 48. Re7 a5 49. Bd7+ Kb7 50. Bb5 Kc8 51. Kf5 Rf3 52. Ke4 1-0

[Event "GRENKE Chess Open 2018"]
[Site "Karlsruhe GER"]
[Date "2018.03.31"]
[Round "5.20"]
[White "Bruedigam, Martin"]
[Black "Kollars, Dmitrij"]
[Result "0-1"]
[WhiteTitle "FM"]
[BlackTitle "GM"]
[WhiteElo "2409"]
[BlackElo "2534"]
[WhiteFideId "24608033"]
[BlackFideId "12909572"]
[EventDate "2018.03.29"]

1. e4 e5 2. Nf3 Nc6 3. Bc4 Nf6 4. d3 Bc5 5. O-O O-O 6. Nbd2 d6 7. c3 a5 8. h3 h6
9. Re1 a4 10. Nf1 Bd7 11. d4 Bb6 12. Ng3 Re8 13. Be3 exd4 14. Nxd4 Ne5 15. Bf1
Ng6 16. Nc2 Bxe3 17. Rxe3 Ra5 18. Qd2 Rae5 19. Rae1 Bc6 20. Nd4 Nxe4 21. Nxe4
Bxe4 22. Bb5 c6 23. Bxa4 Qg5 24. f3 Bxf3 25. Nxf3 Rxe3 26. Nxg5 Rxe1+ 27. Kf2
hxg5 28. Qxe1 Rxe1 29. Kxe1 Nf4 30. Kf1 g6 31. Bc2 Kg7 32. a4 Kf6 33. a5 Ne6 34.
Kf2 Ke5 35. Kf3 f5 36. g3 Nc5 37. g4 Ne4 38. Ke3 d5 39. Ba4 Nd6 40. gxf5 gxf5
41. b4 Nb5 42. Kd3 Kf4 43. c4 dxc4+ 44. Kxc4 g4 45. hxg4 fxg4 46. Kd3 g3 0-1

[Event "GRENKE Chess Open 2018"]
[Site "Karlsruhe GER"]
[Date "2018.03.31"]
[Round "5.21"]
[White "Lampert, Jonas"]
[Black "Kopylov, Michael"]
[Result "1/2-1/2"]
[WhiteTitle "IM"]
[BlackTitle "IM"]
[WhiteElo "2532"]
[BlackElo "2421"]
[WhiteFideId "1303759"]
[BlackFideId "14105080"]
[EventDate "2018.03.29"]

1. d4 d5 2. c4 e6 3. Nf3 c6 4. Qc2 Nf6 5. g3 dxc4 6. Qxc4 b5 7. Qc2 Bb7 8. Bg2
Nbd7 9. Ne5 Qb6 10. Nxd7 Nxd7 11. O-O c5 12. dxc5 Bxc5 13. Bxb7 Qxb7 14. Nc3 Rc8
15. Qd3 a6 16. Ne4 Ne5 17. Nxc5 Rxc5 18. Qd4 Rd5 19. Qb4 Nc6 20. Qg4 O-O 21. Be3 1/2-1/2

[Event "GRENKE Chess Open 2018"]
[Site "Karlsruhe GER"]
[Date "2018.03.31"]
[Round "5.22"]
[White "Runic, Zoran"]
[Black "Schlosser, Philipp"]
[Result "0-1"]
[WhiteTitle "IM"]
[BlackTitle "GM"]
[WhiteElo "2407"]
[BlackElo "2510"]
[WhiteFideId "14401410"]
[BlackFideId "4600169"]
[EventDate "2018.03.29"]

1. e4 e6 2. d4 d5 3. e5 c5 4. c3 Nc6 5. Nf3 Bd7 6. a3 Rc8 7. Bd3 cxd4 8. cxd4
Qb6 9. Bc2 g5 10. h3 Nxd4 11. Nxd4 Bc5 12. O-O Bxd4 13. Nc3 Bxe5 14. Re1 Bb8 15.
Qxd5 Ne7 16. Qxg5 Rg8 17. Qxe7+ Kxe7 18. Nd5+ Kd8 19. Nxb6 Rxc2 20. Nxd7 Kxd7
21. Rb1 e5 22. Kf1 f5 23. Rd1+ Ke6 24. Bd2 e4 25. g3 h5 26. Be1 h4 0-1

[Event "GRENKE Chess Open 2018"]
[Site "Karlsruhe GER"]
[Date "2018.03.31"]
[Round "5.23"]
[White "Valsecchi, Alessio"]
[Black "Akshat, Khamparia"]
[Result "1/2-1/2"]
[WhiteTitle "IM"]
[BlackTitle "IM"]
[WhiteElo "2510"]
[BlackElo "2408"]
[WhiteFideId "818860"]
[BlackFideId "5016541"]
[EventDate "2018.03.29"]

1. d4 Nf6 2. c4 Nc6 3. Nc3 e5 4. d5 Ne7 5. e4 Ng6 6. h4 h5 7. Bg5 Be7 8. Be2 Ng4
9. Bxe7 Qxe7 10. d6 Qxd6 11. Qxd6 cxd6 12. Rd1 Nf4 13. Bxg4 hxg4 14. g3 Ne6 15.
Nge2 Nc7 16. Rxd6 b6 17. O-O Bb7 18. Rfd1 1/2-1/2

[Event "GRENKE Chess Open 2018"]
[Site "Karlsruhe GER"]
[Date "2018.03.31"]
[Round "5.24"]
[White "Bakalchuk, Johnatan"]
[Black "Kanarek, Marcel"]
[Result "1/2-1/2"]
[WhiteTitle "FM"]
[BlackTitle "GM"]
[WhiteElo "2405"]
[BlackElo "2506"]
[WhiteFideId "2810301"]
[BlackFideId "1126822"]
[EventDate "2018.03.29"]

1. e4 c5 2. Nf3 d6 3. d4 cxd4 4. Nxd4 Nf6 5. Nc3 Nc6 6. Bc4 Bd7 7. Bb3 g6 8. f3
Nxd4 9. Qxd4 Bg7 10. Be3 O-O 11. Qd3 Qa5 12. O-O Bc6 13. Bd4 b5 14. Rfe1 Rfe8
15. a4 b4 16. Qc4 bxc3 17. Qxc6 cxb2 18. Bxb2 Nh5 19. e5 Bxe5 20. Bxe5 dxe5 21.
Qb5 Qc3 22. Qxe5 Rac8 23. Rad1 Nf6 24. Rd3 Qxe5 25. Rxe5 Rc7 26. h4 h5 27. Rd4
Nd7 28. Red5 Nc5 29. Rd8 Rxd8 30. Rxd8+ Kg7 31. Rd4 e6 32. Rc4 e5 33. Kf2 a5 34.
f4 e4 35. Rd4 f5 36. Rd5 Rc6 37. Re5 Kf6 38. Kf1 Rc7 39. Kf2 Rc8 40. Kf1 Rc7 41.
Kf2 Rc8 42. Kf1 Nxb3 43. cxb3 Rb8 44. Rxa5 Ke6 45. Ra6+ Kd5 46. Rxg6 Rxb3 47.
Kf2 Rb2+ 48. Ke3 Rb3+ 49. Kf2 Rb2+ 50. Ke3 Rb3+ 1/2-1/2

[Event "GRENKE Chess Open 2018"]
[Site "Karlsruhe GER"]
[Date "2018.03.31"]
[Round "5.25"]
[White "Ider, Borya"]
[Black "Lerch, Patrice"]
[Result "1-0"]
[WhiteTitle "IM"]
[BlackTitle "IM"]
[WhiteElo "2505"]
[BlackElo "2407"]
[WhiteFideId "4901134"]
[BlackFideId "605867"]
[EventDate "2018.03.29"]

1. d4 Nf6 2. Bf4 g6 3. Nc3 d5 4. Nf3 c6 5. e3 Bg7 6. Be2 O-O 7. Ne5 Nfd7 8. h4
Nxe5 9. Bxe5 f6 10. Bg3 Bf5 11. h5 Qb6 12. e4 Be6 13. hxg6 hxg6 14. Qd3 Kf7 15.
O-O-O Nd7 16. Bf3 Qa5 17. exd5 Bxd5 18. Rhe1 Rfe8 19. Kb1 Rad8 20. Bxd5+ cxd5
21. Qb5 Qxb5 22. Nxb5 Rh8 23. Nxa7 Nf8 24. Rd3 g5 25. Nb5 Ng6 26. Nc7 Nh4 27.
Ne6 Rd7 28. Nc5 Nxg2 29. Rg1 Rdd8 30. Nxb7 Ra8 31. Nc5 Nh4 32. b4 Nf5 33. Re1 e6
34. Rxe6 Rh1+ 35. Kb2 Nxg3 36. fxg3 f5 37. Rc6 Rf1 38. b5 f4 39. gxf4 gxf4 40.
b6 1-0

[Event "GRENKE Chess Open 2018"]
[Site "Karlsruhe GER"]
[Date "2018.03.31"]
[Round "5.26"]
[White "Riff, Jean-Noel"]
[Black "Keymer, Vincent"]
[Result "1/2-1/2"]
[WhiteTitle "GM"]
[BlackTitle "IM"]
[WhiteElo "2503"]
[BlackElo "2403"]
[WhiteFideId "611190"]
[BlackFideId "12940690"]
[EventDate "2018.03.29"]

1. e4 c5 2. Nf3 e6 3. d4 cxd4 4. Nxd4 a6 5. Be2 Nf6 6. Nc3 Qc7 7. O-O Bc5 8. Qd3
Nc6 9. Nxc6 bxc6 10. Na4 Be7 11. c4 d5 12. Nc3 Bb7 13. Bf3 O-O 14. cxd5 cxd5 15.
exd5 Rfd8 16. Be3 Nxd5 17. Nxd5 Bxd5 18. Rac1 Qe5 19. Bxd5 Rxd5 20. Qc3 Qxc3 1/2-1/2

[Event "GRENKE Chess Open 2018"]
[Site "Karlsruhe GER"]
[Date "2018.03.31"]
[Round "5.27"]
[White "Menezes, Christoph"]
[Black "Korpa, Bence"]
[Result "1/2-1/2"]
[WhiteTitle "IM"]
[BlackTitle "GM"]
[WhiteElo "2400"]
[BlackElo "2502"]
[WhiteFideId "1617001"]
[BlackFideId "706671"]
[EventDate "2018.03.29"]

1. Nf3 c5 2. c4 Nf6 3. Nc3 Nc6 4. g3 d5 5. cxd5 Nxd5 6. Bg2 Nc7 7. O-O e5 8. a3
Rb8 9. d3 Be7 10. Nd2 Bd7 11. Nc4 f6 12. Bd2 O-O 13. Rc1 Kh8 14. f4 b5 15. Ne3
exf4 16. gxf4 Nd4 17. Ne4 Na6 18. f5 Be8 19. Ng4 Qd7 20. Bf4 Rc8 21. Ne3 Bf7 22.
Kh1 Rfd8 23. Qe1 c4 24. dxc4 bxc4 25. Rd1 Qe8 26. Nc3 Nc5 1/2-1/2

[Event "GRENKE Chess Open 2018"]
[Site "Karlsruhe GER"]
[Date "2018.03.31"]
[Round "5.28"]
[White "Petkidis, Anthony"]
[Black "Noe, Christopher"]
[Result "1/2-1/2"]
[BlackTitle "IM"]
[WhiteElo "2314"]
[BlackElo "2494"]
[WhiteFideId "24673390"]
[BlackFideId "24692018"]
[EventDate "2018.03.29"]

1. e4 e5 2. Nf3 Nc6 3. Bc4 Bc5 4. c3 Nf6 5. d3 a6 6. a4 d6 7. O-O O-O 8. h3 Ba7
9. Re1 Ne7 10. Nbd2 Ng6 11. d4 exd4 12. cxd4 d5 13. exd5 Ne7 14. Nb3 Nexd5 15.
Bd2 Nb6 16. Bd3 Be6 17. Nc5 Bd5 18. Ne5 Nbd7 19. Bg5 Nxc5 20. dxc5 h6 21. Bxf6
Qxf6 22. Bh7+ Kxh7 23. Qxd5 Qf5 24. Qd7 Qxd7 25. Nxd7 Rfe8 26. b4 Rad8 27. Rxe8
Rxe8 28. b5 Kg6 29. bxa6 bxa6 30. Rb1 Re7 31. Rb7 Rxd7 32. Rxa7 Kf5 33. Rxa6 Ke5
34. Kf1 Kd5 35. c6 Re7 36. f3 Re3 37. Kf2 Rc3 38. g4 Rc2+ 39. Kg3 g5 40. h4 Rxc6
41. Ra5+ Rc5 42. Ra6 Rc6 43. Ra5+ Rc5 44. Ra6 Ke5 1/2-1/2

[Event "GRENKE Chess Open 2018"]
[Site "Karlsruhe GER"]
[Date "2018.03.31"]
[Round "5.29"]
[White "Pajeken, Jakob Leon"]
[Black "Bellahcene, Bilel"]
[Result "0-1"]
[BlackTitle "IM"]
[WhiteElo "2162"]
[BlackElo "2488"]
[WhiteFideId "12942839"]
[BlackFideId "696358"]
[EventDate "2018.03.29"]

1. e4 c5 2. Nf3 Nc6 3. d4 cxd4 4. Nxd4 Nf6 5. Nc3 e5 6. Ndb5 d6 7. Bg5 a6 8. Na3
Be6 9. Nc4 Rc8 10. Ne3 Qb6 11. Bxf6 Qxb2 12. Ncd5 Bxd5 13. Nxd5 Nb4 14. Rb1
Nxc2+ 15. Kd2 Qxa2 16. Nc3 Rxc3 17. Kxc3 Nd4 18. Rxb7 Qa3+ 19. Kd2 gxf6 20. Qh5
Qa5+ 21. Ke3 Bh6+ 22. Qxh6 f5 23. Qh5 Qc3+ 0-1

[Event "GRENKE Chess Open 2018"]
[Site "Karlsruhe GER"]
[Date "2018.03.31"]
[Round "5.30"]
[White "Poetsch, Hagen"]
[Black "Engel, Luis"]
[Result "1-0"]
[WhiteTitle "IM"]
[WhiteElo "2484"]
[BlackElo "2389"]
[WhiteFideId "24615137"]
[BlackFideId "12961523"]
[EventDate "2018.03.29"]

1. e4 c5 2. Nf3 d6 3. d4 cxd4 4. Nxd4 Nf6 5. Nc3 a6 6. h3 e5 7. Nb3 Be7 8. g4 h6
9. Be3 Be6 10. Qf3 Nbd7 11. O-O-O Rc8 12. Nd5 Nf8 13. Kb1 Ng6 14. Nxe7 Qxe7 15.
g5 hxg5 16. Bxg5 Qc7 17. Bd3 Nh5 18. Bd2 Nhf4 19. Bb4 Rxh3 20. Rxh3 Nxh3 21.
Bxd6 Qb6 22. Rd2 f6 23. Qe3 Qxe3 24. fxe3 Rc6 25. Bb4 Ng5 26. Nc5 Bc8 27. a4 Nf8
28. a5 Nfe6 29. Na4 Rc7 30. Rh2 Kf7 31. Rh8 Bd7 32. Nb6 Bc6 33. Bd6 Nxe4 34.
Bxc7 Nxc7 35. Rc8 1-0

[Event "GRENKE Chess Open 2018"]
[Site "Karlsruhe GER"]
[Date "2018.03.31"]
[Round "5.31"]
[White "Kevlishvili, Robby"]
[Black "Lokander, Martin"]
[Result "1-0"]
[WhiteTitle "IM"]
[BlackTitle "FM"]
[WhiteElo "2472"]
[BlackElo "2379"]
[WhiteFideId "1040634"]
[BlackFideId "1709569"]
[EventDate "2018.03.29"]

1. e4 Nf6 2. e5 Nd5 3. d4 d6 4. Nf3 dxe5 5. Nxe5 g6 6. Bc4 Be6 7. Bb3 Bg7 8. O-O
O-O 9. Re1 c6 10. c3 Nd7 11. Nd3 Nc7 12. Nd2 Bxb3 13. axb3 a5 14. Nc4 Nd5 15.
Bg5 Re8 16. Nd6 Rf8 17. Nxb7 Qc7 18. Nbc5 Nxc5 19. Nxc5 e5 20. dxe5 Bxe5 21. g3
Rfe8 22. Ra4 f6 23. Bd2 Nb6 24. Rae4 Qd6 25. Na4 Nxa4 26. bxa4 Red8 27. R4e2 Qd5
28. Qc2 Qa2 29. Bc1 Rab8 30. Rd1 Qc4 31. Red2 Rxd2 32. Rxd2 f5 33. Qd1 h5 34.
Rd8+ Rxd8 35. Qxd8+ Kh7 36. Qxa5 Qe4 37. Qa7+ Bg7 38. Qa6 Qb1 39. Qf1 Qa1 40.
Qd1 c5 41. Kg2 Qb1 42. h4 c4 43. Qf1 Qe4+ 44. Kh2 Be5 45. Bg5 f4 46. Qg2 f3 47.
Qf1 Qc2 48. Be3 Qxa4 49. Qh1 Qc6 50. Qd1 Kg8 51. Qd8+ Kf7 52. Bh6 Bf6 53. Qf8+
Ke6 54. Be3 Be5 55. Qg8+ Kf5 56. Qd8 Ke4 57. Bc1 Qf6 58. Qa8+ Kd3 59. Qd5+ Kc2
60. Bg5 Qf5 61. Qxc4 Kxb2 62. Qb4+ Kc2 63. c4 Qe4 64. Qd2+ Kb3 65. c5 Kc4 66.
Qc1+ Kb5 67. Be3 Qxh4+ 68. Kg1 Qe4 69. Qf1+ Kc6 70. Qa6+ Kd7 71. Qb5+ Qc6 72.
Qc4 Ke7 73. Bg5+ Kf8 74. Bh6+ Bg7 75. Bf4 Bf6 76. Bd6+ Kg7 77. Qe6 Qa8 78. c6
Qa1+ 79. Kh2 Qd4 80. Kh3 g5 81. Qd7+ Kg6 82. Qe8+ Kf5 83. Qc8+ Ke4 84. Qe6+ Kd3
85. Qb3+ Ke4 86. Qc2+ Kd5 87. c7 Qg4+ 88. Kh2 Qc8 89. Qc5+ Ke6 90. Qc6 g4 91.
Bf4+ Kf7 92. Qb5 h4 93. Qb8 hxg3+ 94. Bxg3 1-0

[Event "GRENKE Chess Open 2018"]
[Site "Karlsruhe GER"]
[Date "2018.03.31"]
[Round "5.32"]
[White "Kuipers, Stefan"]
[Black "Fries-Nielsen, Jens Ove"]
[Result "1/2-1/2"]
[WhiteTitle "IM"]
[BlackTitle "IM"]
[WhiteElo "2468"]
[BlackElo "2359"]
[WhiteFideId "1018400"]
[BlackFideId "1400142"]
[EventDate "2018.03.29"]

1. e4 g6 2. d4 Bg7 3. Nc3 Nc6 4. Be3 d5 5. exd5 Nb4 6. a3 Nxd5 7. Nxd5 Qxd5 8.
Qf3 Nf6 9. Qxd5 Nxd5 10. Nf3 Bg4 11. Be2 Nxe3 12. fxe3 Bxf3 13. Bxf3 O-O-O 14.
c3 e5 15. d5 1/2-1/2